| 000 | 00800nam a22002775i 4500 | ||
|---|---|---|---|
| 003 | EG-ScBUE | ||
| 005 | 20221220110736.0 | ||
| 008 | 180403s1997 ja a f 000 0 eng d | ||
| 020 | _a9784770020772 | ||
| 020 | _a4770020775 | ||
| 040 |
_aEG-ScBUE _beng _erda _cEG-ScBUE _dEG-ScBUE |
||
| 082 | 0 | 4 |
_222 _a736.982 _bSAT |
| 100 | 1 |
_aSato, Yoshio, _eauthor. |
|
| 245 | 1 | 0 |
_aAnimal origami / _cYoshio Sato. |
| 250 | _aFirst edition. | ||
| 264 | 1 |
_aTokyo : _bKodansha International, _c1997. |
|
| 300 |
_a48 pages : _billustrations ; _c24 cm |
||
| 336 |
_2rdacontent _atext _btxt |
||
| 337 |
_2rdamedia _aunmediated _bn |
||
| 338 |
_2rdacarrier _avolume _bnc |
||
| 650 | 7 |
_aOrigami. _2BUEsh |
|
| 650 | 7 |
_aAnimals in art. _2BUEsh |
|
| 653 |
_bGGEN _cApril2018 |
||
| 655 | _vReading book | ||
| 942 |
_2ddc _cBB |
||
| 999 |
_c26459 _d26431 |
||